[Event "39th Olympiad Women"]
[Site "Khanty-Mansiysk RUS"]
[Date "2010.10.03"]
[Round "11"]
[White "Kovanova, Baira"]
[Black "Bojkovic, Natasa"]
[Result "1-0"]
[WhiteTitle "WGM"]
[BlackTitle "IM"]
[WhiteElo "2370"]
[BlackElo "2368"]
[Board "8.1"]
[WhiteTeam "RUS3"]
[BlackTeam "SRB"]
[WhiteFideId "4164083"]
[BlackFideId "908550"]
[EventDate "2010.09.21"]
[EventType "team"]

1. e4 c5 2. Nf3 e6 3. d4 cxd4 4. Nxd4 a6 5. Bd3 d6 6. O-O Nd7 7. c4 g6 8. Nc3
Bg7 9. Be3 Ngf6 10. Qd2 b6 11. f3 Bb7 12. Be2 O-O 13. Nc2 Qc7 14. Rfd1 Ne8 15.
Rac1 Rc8 16. Kh1 Qb8 17. Bg5 Bf6 18. Bxf6 Ndxf6 19. Qd4 Qc7 20. b4 Nd7 21. Ne3
f6 22. f4 e5 23. Qd2 exf4 24. Ned5 Qd8 25. Nxf4 Qe7 26. Ncd5 Bxd5 27. Nxd5 Qd8
28. Qd4 Ng7 29. Nf4 Ne5 30. Qxd6 Qxd6 31. Rxd6 Rc6 32. Rxc6 Nxc6 33. Nd5 a5 34.
b5 Nd4 35. Bf3 f5 36. Nxb6 fxe4 37. Bxe4 Rf2 38. a4 Kf8 39. Rd1 Nb3 40. Kg1 Re2
41. Rd8+ Ke7 42. Rd7+ Kf8 43. Bd5 Nf5 44. Rxh7 Nc1 45. Nd7+ Ke8 46. Nf6+ Kd8 47.
b6 Re1+ 48. Kf2 Nd3+ 49. Kf3 Re3+ 50. Kg4 Nc5 51. b7 1-0

[Event "39th Olympiad Women"]
[Site "Khanty-Mansiysk RUS"]
[Date "2010.10.03"]
[Round "11"]
[White "Chelushkina, Irina"]
[Black "Bezgodova, Svetlana"]
[Result "0-1"]
[WhiteTitle "WGM"]
[WhiteElo "2325"]
[BlackElo "2120"]
[Board "8.2"]
[WhiteTeam "SRB"]
[BlackTeam "RUS3"]
[WhiteFideId "928615"]
[BlackFideId "4110650"]
[EventDate "2010.09.21"]
[EventType "team"]

1. e4 e5 2. Nf3 Nc6 3. d3 Nf6 4. Be2 d5 5. Nbd2 Bc5 6. O-O O-O 7. c3 a5 8. a4
Re8 9. exd5 Nxd5 10. Nc4 Nb6 11. Na3 Bf5 12. Nb5 Qe7 13. Ng5 Rad8 14. Qc2 Nd5
15. Ne4 Bb6 16. Na3 Nf4 17. Nc4 Ba7 18. Bxf4 exf4 19. Bf3 Ne5 20. Nxe5 Qxe5 21.
h3 c6 22. Rfe1 h6 23. Re2 Qc7 24. Rae1 Qd7 25. d4 Kf8 26. Bg4 Bxg4 27. hxg4 Qxg4
28. f3 Qg6 29. Qb3 b6 30. Qa3+ c5 31. b4 cxb4 32. cxb4 Re6 33. b5+ Kg8 34. Qc3
Bb8 35. d5 Re5 36. Rd1 Bd6 37. Red2 Rxe4 38. fxe4 Qxe4 39. Qc2 Bc5+ 40. Kf1 Qe3
41. Rf2 Qxf2+ 42. Qxf2 Bxf2 43. Kxf2 Kf8 44. Kf3 Ke7 45. Kxf4 Rc8 46. Ke5 Rc4
47. d6+ Kd7 48. Rd2 Rc5+ 49. Ke4 f5+ 50. Kf3 g5 51. Rd3 Re5 52. g3 Re6 53. Rd5
Rf6 54. Kf2 f4 55. g4 Rxd6 56. Rf5 Ke7 57. Re5+ Re6 58. Rd5 Re4 59. Rd1 Rxa4 60.
Rh1 Rb4 61. Rxh6 Rxb5 62. Rh7+ Ke6 63. Ra7 Kd5 64. Kf3 Rb3+ 65. Kf2 Rg3 0-1

[Event "39th Olympiad Women"]
[Site "Khanty-Mansiysk RUS"]
[Date "2010.10.03"]
[Round "11"]
[White "Rakic, Marija"]
[Black "Yakupova, Aysyla"]
[Result "1-0"]
[WhiteTitle "WIM"]
[WhiteElo "2317"]
[BlackElo "2117"]
[Board "8.4"]
[WhiteTeam "SRB"]
[BlackTeam "RUS3"]
[WhiteFideId "936286"]
[BlackFideId "4197569"]
[EventDate "2010.09.21"]
[EventType "team"]

1. d4 c5 2. d5 Nf6 3. c4 g6 4. Nc3 d6 5. e4 Bg7 6. Be2 O-O 7. Nf3 e6 8. O-O exd5
9. cxd5 Re8 10. Qc2 Na6 11. Bg5 h6 12. Be3 Nc7 13. Rad1 b6 14. Rfe1 Bg4 15. Bf4
Nh5 16. Bc1 Nf6 17. b3 Rb8 18. Bb2 Bxf3 19. Bxf3 Nd7 20. g3 b5 21. Be2 b4 22.
Na4 Nb5 23. Bxb5 Rxb5 24. f4 Rb7 25. Bxg7 Kxg7 26. Nb2 Nb6 27. e5 Rbe7 28. Nc4
Nxc4 29. bxc4 dxe5 30. f5 Qd6 31. Rf1 f6 32. Qe4 g5 33. g4 a5 34. Rf2 Rh8 35. h4
Kf8 36. Rh2 Reh7 37. Qh1 Rg7 38. Qe4 h5 39. Rdd2 gxh4 40. Rxh4 Rxg4+ 41. Qxg4
Rg8 42. Qxg8+ Kxg8 43. Rxh5 e4 44. Rg2+ Kf8 45. Rh8+ Kf7 46. Rhg8 1-0

[Event "39th Olympiad Women"]
[Site "Khanty-Mansiysk RUS"]
[Date "2010.10.03"]
[Round "11"]
[White "Muzychuk, Anna"]
[Black "Danielian, Elina"]
[Result "1/2-1/2"]
[WhiteTitle "IM"]
[BlackTitle "IM"]
[WhiteElo "2535"]
[BlackElo "2466"]
[Board "9.1"]
[WhiteTeam "SLO"]
[BlackTeam "ARM"]
[WhiteFideId "14111330"]
[BlackFideId "13300210"]
[EventDate "2010.09.21"]
[EventType "team"]

1. e4 e6 2. d4 d5 3. Nc3 Nf6 4. Bg5 dxe4 5. Nxe4 Nbd7 6. Nf3 Be7 7. Nxf6+ Bxf6
8. h4 O-O 9. Qd2 e5 10. O-O-O e4 11. Bxf6 Nxf6 12. Ne5 Be6 13. f3 c5 14. fxe4
cxd4 15. Bc4 Qc7 16. Bxe6 fxe6 17. Qxd4 Rac8 18. Rd2 Rcd8 19. Qc3 Qxc3 20. bxc3
Rxd2 21. Kxd2 Nxe4+ 22. Ke3 Nxc3 23. g4 Rd8 24. Rf1 Rd5 25. Nd3 g5 26. Rf6 Rd6
27. Rh6 gxh4 28. a3 Kg7 29. g5 Nd5+ 30. Kd4 Ne7+ 31. Ke5 Rc6 32. Nf4 Ng6+ 33.
Nxg6 hxg6 34. Rxh4 Rc5+ 35. Kxe6 Rxg5 36. Rc4 Rb5 37. Rc7+ Kh6 38. c4 Rb6+ 39.
Ke5 g5 40. a4 a6 41. c5 Rc6 42. Rxc6+ bxc6 43. Kd6 g4 44. Kxc6 g3 45. Kb7 g2 46.
c6 g1=Q 47. c7 Qg2+ 48. Kb8 Qb2+ 49. Ka8 Qc3 50. a5 Kg7 51. Kb7 Qb4+ 52. Kxa6
Qd6+ 53. Kb7 Qd5+ 54. Kb8 Qb5+ 55. Ka7 Qd7 56. Kb8 Qd6 57. Kb7 Qd5+ 58. Kb8 Qb5+
59. Ka7 Qxa5+ 60. Kb8 Qb6+ 1/2-1/2

[Event "39th Olympiad Women"]
[Site "Khanty-Mansiysk RUS"]
[Date "2010.10.03"]
[Round "11"]
[White "Mkrtchian, Lilit"]
[Black "Krivec, Jana"]
[Result "1-0"]
[WhiteTitle "IM"]
[BlackTitle "WGM"]
[WhiteElo "2484"]
[BlackElo "2309"]
[Board "9.2"]
[WhiteTeam "ARM"]
[BlackTeam "SLO"]
[WhiteFideId "13300601"]
[BlackFideId "14601982"]
[EventDate "2010.09.21"]
[EventType "team"]

1. c4 e5 2. Nc3 Nf6 3. Nf3 Nc6 4. g3 d5 5. cxd5 Nxd5 6. Bg2 Nb6 7. O-O Be7 8. a3
f5 9. d3 O-O 10. b4 Bf6 11. Nd2 Nd4 12. Bb2 c6 13. b5 Nxb5 14. Nxb5 cxb5 15.
Qb3+ Kh8 16. Qxb5 Bd7 17. Qb3 Na4 18. Rac1 Nxb2 19. Qxb2 Rb8 20. Qb3 b5 21. Qd5
Rb6 22. Nb3 Be6 23. Qxd8 Rxd8 24. Na5 a6 25. Rc7 h6 26. Rb1 Rd7 27. Rc8+ Rd8 28.
Rc7 Rd7 29. Rc8+ Rd8 30. Rcc1 Rd4 31. Rb4 Be7 32. Rxd4 exd4 33. Ra1 b4 34. axb4
Bxb4 35. Nc4 Bxc4 36. dxc4 Bc3 37. Rd1 a5 38. c5 Rb4 39. c6 a4 40. Bd5 Rb5 41.
c7 Rc5 42. Rb1 Rxc7 43. Rb8+ Kh7 44. Ra8 g6 45. Rxa4 Re7 46. Bc4 h5 47. Bd3 Kg7
48. Kg2 Rd7 49. h3 Rf7 50. Rc4 Bb2 51. Rc5 Ba3 52. Rd5 Bb2 53. Kf3 Bc3 54. Rc5
Bd2 55. Rd5 Bc3 56. Kg2 Bb2 57. f4 Bc3 58. Kf3 Rf6 59. Bc4 Rf7 60. Rd6 Re7 61.
Bd3 Rf7 62. g4 hxg4+ 63. hxg4 Rf6 64. Rd7+ Rf7 65. Rd5 fxg4+ 66. Kxg4 Rf6 67.
Kg5 Re6 68. Rd7+ Kf8 69. Bc4 Rc6 70. Bd5 Rb6 71. Bc4 Rc6 72. Bf7 Bd2 73. Rxd4
Kxf7 74. Rd7+ Ke6 75. Rxd2 Rc4 76. e3 Rc3 77. Re2 Kf7 78. Kg4 Rc1 79. Ra2 Rc7
80. e4 Re7 81. e5 Re6 82. Ra7+ Ke8 83. Kg5 Kf8 84. Rd7 Ke8 85. Rd6 1-0

[Event "39th Olympiad Women"]
[Site "Khanty-Mansiysk RUS"]
[Date "2010.10.03"]
[Round "11"]
[White "Aginian, Nelly"]
[Black "Rozic, Vesna"]
[Result "1-0"]
[WhiteTitle "WGM"]
[BlackTitle "WIM"]
[WhiteElo "2282"]
[BlackElo "2289"]
[Board "9.4"]
[WhiteTeam "ARM"]
[BlackTeam "SLO"]
[WhiteFideId "13300628"]
[BlackFideId "14604000"]
[EventDate "2010.09.21"]
[EventType "team"]

1. e4 e6 2. d4 d5 3. Nd2 c5 4. exd5 exd5 5. Ngf3 Nc6 6. Bb5 Bd6 7. dxc5 Bxc5 8.
O-O Ne7 9. c4 O-O 10. Nb3 Bb6 11. c5 Bc7 12. Bg5 f6 13. Bh4 Nf5 14. Bg3 Nxg3 15.
hxg3 Ne5 16. Nbd4 Qe7 17. b4 Qf7 18. Qb3 Bg4 19. Rad1 Rad8 20. Be2 Nxf3+ 21.
Bxf3 Bxf3 22. gxf3 Rfe8 23. Kg2 a6 24. Rd3 Re5 25. f4 Re4 26. Rfd1 h5 27. Nf5
Qe6 28. Rxd5 Rxd5 29. Rxd5 Kh7 30. Nd4 Qf7 31. Nf3 Re7 32. Qd3+ Kg8 33. Nh4 Qe6
34. Ng6 Re8 35. Qf3 f5 36. Nh4 g6 37. Qd3 Qc6 38. Kh2 Re4 39. a3 Kh7 40. Rd7+
Kh6 41. f3 Re2+ 42. Kh3 Re8 43. Nxf5+ gxf5 44. Qxf5 Qg6 45. Qxg6+ Kxg6 46. Rxc7
Re3 47. a4 a5 48. b5 Ra3 49. Rxb7 Rxa4 50. c6 Rc4 51. c7 a4 52. b6 a3 53. Ra7 1-0

[Event "39th Olympiad Women"]
[Site "Khanty-Mansiysk RUS"]
[Date "2010.10.03"]
[Round "11"]
[White "Lujan, Carolina"]
[Black "Foisor, Cristina-Adela"]
[Result "0-1"]
[WhiteTitle "IM"]
[BlackTitle "IM"]
[WhiteElo "2312"]
[BlackElo "2395"]
[Board "10.1"]
[WhiteTeam "ARG"]
[BlackTeam "ROU"]
[WhiteFideId "109878"]
[BlackFideId "1200496"]
[EventDate "2010.09.21"]
[EventType "team"]

1. e4 c6 2. d4 g6 3. Nc3 d5 4. Nf3 Bg7 5. h3 dxe4 6. Nxe4 Bf5 7. Ng3 Be6 8. Be2
Bd5 9. Be3 Nf6 10. c4 Bxf3 11. Bxf3 O-O 12. O-O Nbd7 13. Qb3 Qc7 14. Rad1 Rfe8
15. Rfe1 e6 16. Qa3 Bf8 17. Qc3 a5 18. Qc1 a4 19. a3 Qa5 20. Ne2 Rac8 21. Nc3 b5
22. c5 Nd5 23. Na2 N7f6 24. Bg5 Bg7 25. Re2 Qc7 26. Rde1 Qd7 27. Rd1 h5 28. Nc3
Nxc3 29. bxc3 Nd5 30. c4 bxc4 31. Qxc4 Rb8 32. Rc2 Qa7 33. Rd3 Rb1+ 34. Rc1 Reb8
35. Qc2 R1b3 36. Bxd5 exd5 37. Bf4 R8b7 38. Re1 Qa6 39. Red1 Qb5 40. Qe2 Kh7 41.
g4 h4 42. Qe3 Rxd3 43. Rxd3 Qb1+ 44. Kh2 Qf1 45. Qf3 Rb1 0-1

[Event "39th Olympiad Women"]
[Site "Khanty-Mansiysk RUS"]
[Date "2010.10.03"]
[Round "11"]
[White "Cosma, Elena-Luminita"]
[Black "Amura, Claudia"]
[Result "1/2-1/2"]
[WhiteTitle "WGM"]
[BlackTitle "WGM"]
[WhiteElo "2360"]
[BlackElo "2329"]
[Board "10.2"]
[WhiteTeam "ROU"]
[BlackTeam "ARG"]
[WhiteFideId "1201590"]
[BlackFideId "100536"]
[EventDate "2010.09.21"]
[EventType "team"]

1. d4 Nf6 2. Nf3 g6 3. g3 Bg7 4. Bg2 O-O 5. O-O d5 6. c4 dxc4 7. Na3 Nc6 8. Nxc4
Be6 9. b3 Bd5 10. e3 a5 11. a4 Be4 12. Ba3 Re8 13. Rc1 e6 14. Qe2 Bf8 15. Bxf8
Rxf8 16. Ncd2 Nb4 17. Nxe4 Nxe4 18. Rfd1 c6 19. Ne5 Nd6 20. h4 f6 21. Nf3 Qe7
22. Rd2 Rad8 23. Ne1 e5 24. dxe5 Qxe5 25. Nf3 Qe7 26. Nd4 Kh8 27. h5 Ne4 28.
Bxe4 Qxe4 29. hxg6 hxg6 30. Rcd1 Rd5 31. Nf3 Rfd8 32. Rxd5 Rxd5 33. Rxd5 Nxd5
34. Qd1 c5 35. Ne1 c4 36. bxc4 Qxc4 37. Nd3 b5 38. axb5 Qxb5 39. Nf4 Nxf4 40.
Qd8+ Kg7 41. Qe7+ Kg8 42. gxf4 Qf5 43. Qe8+ 1/2-1/2

[Event "39th Olympiad Women"]
[Site "Khanty-Mansiysk RUS"]
[Date "2010.10.03"]
[Round "11"]
[White "Zuriel, Marisa"]
[Black "Voicu-Jagodzinsky, Carmen"]
[Result "1/2-1/2"]
[WhiteTitle "WIM"]
[BlackTitle "WGM"]
[WhiteElo "2193"]
[BlackElo "2313"]
[Board "10.3"]
[WhiteTeam "ARG"]
[BlackTeam "ROU"]
[WhiteFideId "109142"]
[BlackFideId "1206729"]
[EventDate "2010.09.21"]
[EventType "team"]

1. e4 c5 2. Nf3 e6 3. b3 b6 4. Bd3 Bb7 5. O-O d6 6. Bb2 Nc6 7. Re1 a6 8. c3 Nge7
9. Bf1 Ng6 10. d4 e5 11. Na3 Be7 12. Nc2 O-O 13. Ne3 Bf6 14. Nd5 Nb8 15. dxc5
dxc5 16. g3 Re8 17. Bh3 Ra7 18. Nxf6+ Qxf6 19. Qe2 Bc8 20. Bg2 Bg4 21. h3 Be6
22. Rad1 Qe7 23. Qe3 f6 24. Rd2 Rd8 25. Red1 Rad7 26. Bf1 Qe8 27. Kh2 Ne7 28.
Nh4 g5 29. Nf3 Ng6 30. Rxd7 Rxd7 31. Rxd7 Qxd7 32. Nd2 Kg7 33. Bc1 h6 34. a4 Ne7
35. a5 bxa5 36. Qxc5 Nbc6 37. Bxa6 Bxh3 38. Bb5 Be6 39. Nc4 Qe8 40. Ba3 Qh5+ 41.
Kg1 Qd1+ 42. Kg2 Bh3+ 43. Kh2 Qf3 44. Ne3 h5 45. Bxc6 Qxf2+ 46. Kh1 Qf3+ 47. Kh2
Qf2+ 48. Kxh3 g4+ 49. Nxg4 hxg4+ 50. Kxg4 Qe2+ 51. Kh3 Qf1+ 52. Kh2 Nxc6 53.
Qxc6 Qe2+ 54. Kg1 Qe1+ 55. Kg2 Qe2+ 1/2-1/2

[Event "39th Olympiad Women"]
[Site "Khanty-Mansiysk RUS"]
[Date "2010.10.03"]
[Round "11"]
[White "L'Ami, Alina"]
[Black "Fernandez, Maria Florencia"]
[Result "1-0"]
[WhiteTitle "WGM"]
[WhiteElo "2339"]
[BlackElo "2119"]
[Board "10.4"]
[WhiteTeam "ROU"]
[BlackTeam "ARG"]
[WhiteFideId "1210246"]
[BlackFideId "116459"]
[EventDate "2010.09.21"]
[EventType "team"]

1. d4 Nf6 2. c4 g6 3. Nc3 Bg7 4. e4 d6 5. h3 O-O 6. Bg5 Qe8 7. Bd3 e5 8. d5 Nh5
9. Nge2 f5 10. exf5 gxf5 11. g4 Nf4 12. Nxf4 exf4+ 13. Qe2 Qg6 14. Bxf4 Re8 15.
Be3 Bxc3+ 16. bxc3 Qg7 17. Kd1 f4 18. Bd4 Qf8 19. Bxh7+ Kxh7 20. Qd3+ Bf5 21.
gxf5 Qf7 22. Rg1 Rg8 23. Rg4 Qh5 24. Qe2 Rxg4 25. hxg4 Qg5 26. Kc2 1-0

[Event "39th Olympiad Women"]
[Site "Khanty-Mansiysk RUS"]
[Date "2010.10.03"]
[Round "11"]
[White "Dembo, Yelena"]
[Black "Sedina, Elena"]
[Result "1-0"]
[WhiteTitle "IM"]
[BlackTitle "IM"]
[WhiteElo "2452"]
[BlackElo "2342"]
[Board "11.1"]
[WhiteTeam "GRE"]
[BlackTeam "ITA"]
[WhiteFideId "723916"]
[BlackFideId "812153"]
[EventDate "2010.09.21"]
[EventType "team"]

1. e4 e6 2. d4 d5 3. Nc3 Bb4 4. e5 c5 5. Bd2 Ne7 6. a3 Bxc3 7. Bxc3 Nbc6 8. Nf3
cxd4 9. Bxd4 Nxd4 10. Qxd4 Nc6 11. Qg4 O-O 12. Bd3 f5 13. Qf4 Bd7 14. O-O-O Qb6
15. Rd2 Rac8 16. Kb1 Ne7 17. Qb4 Qc5 18. Qxc5 Rxc5 19. Nd4 Ng6 20. Re1 a5 21.
Nb3 Rc7 22. Nxa5 Nh4 23. f4 h6 24. Rf1 g5 25. g3 Ng6 26. Nb3 Bc8 27. Nd4 b6 28.
b3 Rd8 29. Kb2 Kf7 30. Nb5 Re7 31. Nd6+ Kf8 32. Rff2 Bd7 33. c4 Bc6 34. cxd5
Bxd5 35. Bxf5 Kg7 36. Bxg6 Kxg6 37. f5+ Kh7 38. f6 Ra7 39. Rc2 Kg8 40. Rc8 Rd7
41. Rfc2 h5 42. Rxd8+ Rxd8 43. Rc8 1-0

[Event "39th Olympiad Women"]
[Site "Khanty-Mansiysk RUS"]
[Date "2010.10.03"]
[Round "11"]
[White "Zimina, Olga"]
[Black "Botsari, Anna-Maria"]
[Result "1/2-1/2"]
[WhiteTitle "IM"]
[BlackTitle "WGM"]
[WhiteElo "2334"]
[BlackElo "2302"]
[Board "11.2"]
[WhiteTeam "ITA"]
[BlackTeam "GRE"]
[WhiteFideId "4132190"]
[BlackFideId "4200446"]
[EventDate "2010.09.21"]
[EventType "team"]

1. e4 c5 2. Nf3 e6 3. g3 Nc6 4. Bg2 Nf6 5. Qe2 d5 6. exd5 Nxd5 7. O-O Be7 8. Rd1
O-O 9. d4 cxd4 10. Nxd4 Nxd4 11. Rxd4 Bf6 12. Rd1 Qb6 13. Nd2 a5 14. c4 Nb4 15.
Ne4 Bd4 16. a3 Nc6 17. Qc2 h6 18. Rb1 f5 19. Nc3 Rd8 20. Bf4 g5 21. Na4 Qa7 22.
Bxc6 bxc6 23. Be5 Ba6 24. Bxd4 Rxd4 25. Rxd4 Qxd4 26. Rd1 Qxc4 27. Qxc4 Bxc4 28.
Nb6 Be2 29. Rd2 Ra6 30. Rxe2 Rxb6 31. Rxe6 Kg7 32. Re2 Kf6 33. Kf1 c5 34. Rc2 c4
35. Rxc4 Rxb2 36. Rc5 f4 37. gxf4 gxf4 38. Kg2 a4 39. Ra5 Rb3 40. Rxa4 Kg5 41.
h3 Rc3 42. Ra6 h5 43. Ra5+ Kh4 44. Rf5 Rc4 45. Rb5 Rc3 46. a4 Ra3 47. a5 Ra4 48.
Rf5 Ra3 49. Re5 f3+ 50. Kh2 Rxa5 51. Re4+ Kg5 52. Kg3 Ra3 53. Re5+ Kg6 54. Kf4
Ra4+ 55. Kxf3 Ra3+ 56. Kg2 Rb3 57. h4 Rc3 58. Rg5+ Kh6 59. f3 Rc1 60. Ra5 Kg6
61. Kg3 Rc6 62. Rg5+ Kh6 63. Re5 Kg6 64. Kf4 Rc4+ 65. Re4 Rc6 66. Rd4 Rf6+ 67.
Kg3 Ra6 68. Rd8 Rb6 69. Rg8+ Kh6 70. Re8 Kg6 71. Kf4 Rb4+ 72. Re4 Rb6 73. Kg3
Ra6 74. Re3 Kf5 75. Rb3 Rg6+ 76. Kf2 Ra6 77. Rb5+ Kg6 78. Rd5 Rb6 79. Ke3 Re6+
80. Kf4 Rf6+ 81. Ke4 Re6+ 82. Re5 Ra6 83. f4 Ra4+ 84. Kf3 Ra3+ 85. Re3 Ra6 86.
Rd3 Re6 87. Rd5 Ra6 88. Ke4 Re6+ 89. Re5 Ra6 90. Rg5+ Kh6 91. Rd5 Kg6 92. Ke5
Ra7 93. f5+ Kf7 94. Rd4 Ra5+ 95. Rd5 Ra7 96. Rb5 Rc7 97. Rb4 Rc5+ 98. Kf4 Rc1
99. Rb7+ Kf6 100. Rb6+ Kf7 101. Kg5 Rg1+ 102. Kxh5 Rf1 103. Kg5 Rg1+ 104. Kh6
Rf1 105. Rb5 Kf6 106. h5 Rh1 107. Rb2 Rh3 108. Rb1 Rh2 109. Rg1 Kxf5 110. Rf1+
Ke6 111. Kg6 Rg2+ 112. Kh7 Ke7 113. Rf5 Rg1 114. Ra5 Kf7 115. Ra7+ Kf8 116. Ra6
Kf7 117. Rg6 Rh1 118. Rg7+ Kf8 119. h6 Rh2 120. Kg6 Rg2+ 121. Kh7 Rh2 122. Rg5
Kf7 123. Rf5+ Ke6 124. Rf4 Rg2 125. Rf8 Ke7 126. Rg8 Rh2 127. Rg4 Kf7 128. Rf4+
Ke7 129. Kg6 Rg2+ 130. Kh5 Rh2+ 131. Kg6 Rg2+ 132. Kh7 Rh2 133. Kg7 Rg2+ 134.
Kh8 Rh2 135. h7 Rg2 136. Rf1 Rg3 137. Ra1 Kf7 138. Ra7+ Kf8 139. Ra8+ Kf7 140.
Rg8 Ra3 141. Rg7+ Kf6 142. Rg1 Kf7 143. Rf1+ Kg6 144. Kg8 Ra8+ 145. Rf8 Rxf8+
146. Kxf8 Kxh7 1/2-1/2

[Event "39th Olympiad Women"]
[Site "Khanty-Mansiysk RUS"]
[Date "2010.10.03"]
[Round "11"]
[White "De Rosa, Mariagrazia"]
[Black "Fakhiridou, Ekaterini"]
[Result "0-1"]
[WhiteTitle "WFM"]
[BlackTitle "WIM"]
[WhiteElo "2073"]
[BlackElo "2208"]
[Board "11.4"]
[WhiteTeam "ITA"]
[BlackTeam "GRE"]
[WhiteFideId "815136"]
[BlackFideId "4202848"]
[EventDate "2010.09.21"]
[EventType "team"]

1. e4 c5 2. Nf3 Nf6 3. Nc3 d5 4. e5 Nfd7 5. d4 cxd4 6. Qxd4 e6 7. Qg4 Nc6 8. Bf4
a6 9. Bd3 Nc5 10. O-O Nxd3 11. cxd3 Bd7 12. a3 h5 13. Qg3 Ne7 14. Nd4 Ng6 15.
Nxd5 Bc8 16. Bg5 Qxd5 17. Nf3 Bd7 18. Rac1 Bc6 19. Rc4 Be7 20. Rd4 Qc5 21. Rc1
Qb6 22. Bxe7 Nxe7 23. Rf4 Nf5 24. Rxf5 exf5 25. Qxg7 O-O-O 26. Qxf7 Kb8 27. Ng5
Qxb2 28. Rf1 Qxe5 29. Qb3 Qd5 0-1

[Event "39th Olympiad Women"]
[Site "Khanty-Mansiysk RUS"]
[Date "2010.10.03"]
[Round "11"]
[White "Reizniece, Dana"]
[Black "Repkova, Eva"]
[Result "0-1"]
[WhiteTitle "WGM"]
[BlackTitle "IM"]
[WhiteElo "2318"]
[BlackElo "2447"]
[Board "12.1"]
[WhiteTeam "LAT"]
[BlackTeam "SVK"]
[WhiteFideId "11601124"]
[BlackFideId "14900440"]
[EventDate "2010.09.21"]
[EventType "team"]

1. c4 e6 2. e4 c5 3. Nc3 d6 4. g3 Nc6 5. Bg2 g6 6. Nge2 Bg7 7. a3 Nge7 8. O-O
O-O 9. Rb1 b6 10. b4 Bb7 11. d3 Qd7 12. Be3 Ne5 13. f4 Ng4 14. Bd2 f5 15. h3 Nh6
16. Be3 Rac8 17. Qb3 Kh8 18. Rfd1 Nc6 19. d4 cxb4 20. axb4 fxe4 21. d5 Ne7 22.
Nxe4 Nhf5 23. Bf2 b5 24. dxe6 Qxe6 25. cxb5 Bd5 26. Rxd5 Nxd5 27. Rd1 Nxf4 28.
Qxe6 Nxe6 29. g4 Ne7 30. Rxd6 Nf4 31. Nxf4 Rc1+ 32. Bf1 Rxf4 33. Rd8+ Ng8 34.
Nc5 Rc2 35. Nd3 Rcxf2 36. Nxf2 Bd4 37. Bd3 Bxf2+ 38. Kg2 Bb6 39. Rc8 Kg7 40. Bc4
Ne7 0-1

[Event "39th Olympiad Women"]
[Site "Khanty-Mansiysk RUS"]
[Date "2010.10.03"]
[Round "11"]
[White "Kochetkova, Julia"]
[Black "Rogule, Laura"]
[Result "0-1"]
[WhiteTitle "WGM"]
[BlackTitle "WGM"]
[WhiteElo "2327"]
[BlackElo "2354"]
[Board "12.2"]
[WhiteTeam "SVK"]
[BlackTeam "LAT"]
[WhiteFideId "4139690"]
[BlackFideId "11601876"]
[EventDate "2010.09.21"]
[EventType "team"]

1. e4 c5 2. Nf3 d6 3. d4 cxd4 4. Nxd4 Nf6 5. Nc3 Nc6 6. Bg5 e6 7. Qd2 a6 8.
O-O-O Bd7 9. f3 Rc8 10. Kb1 b5 11. Nxc6 Bxc6 12. Ne2 Bb7 13. Nd4 Be7 14. h4 h6
15. Be3 Nd7 16. g4 d5 17. Bd3 dxe4 18. Bxe4 Bxe4 19. fxe4 Ne5 20. g5 hxg5 21.
hxg5 Rxh1 22. Rxh1 Ng6 23. Qe2 Qd6 24. Rf1 Bd8 25. Qf3 Qe7 26. Qh5 Bc7 27. Qh7
Be5 28. Qg8+ Qf8 29. Qxf8+ Nxf8 30. Nf3 Ng6 31. Nxe5 Nxe5 32. b3 Nd7 33. Rh1 Ke7
34. Bd2 e5 35. Bb4+ Ke6 36. Kb2 f6 37. gxf6 Nxf6 38. Rg1 Rg8 39. Rg6 Kf7 40. Rg5
Re8 41. Bc3 Nd7 42. Be1 g6 43. Bg3 Kg7 44. Be1 Nc5 45. Bg3 Kf6 46. Rg4 g5 47.
Bf2 Ne6 48. Be3 Rh8 49. b4 Rh2 50. Kc3 Nf4 51. Bb6 Kg6 52. Kb2 Re2 53. Bc5 Rxe4
54. Rg3 Kf5 55. Ra3 g4 56. Rxa6 g3 57. Ra3 Ne2 58. Rf3+ Ke6 59. Rd3 g2 60. Rd6+
Kf5 61. Rd1 Rg4 62. a4 bxa4 63. Ka3 Rg3+ 64. Rd3 Rxd3+ 65. cxd3 Nd4 0-1

[Event "39th Olympiad Women"]
[Site "Khanty-Mansiysk RUS"]
[Date "2010.10.03"]
[Round "11"]
[White "Berzina, Ilze"]
[Black "Mrvova, Alena"]
[Result "1-0"]
[WhiteTitle "WGM"]
[BlackTitle "WIM"]
[WhiteElo "2283"]
[BlackElo "2253"]
[Board "12.3"]
[WhiteTeam "LAT"]
[BlackTeam "SVK"]
[WhiteFideId "11601345"]
[BlackFideId "14902036"]
[EventDate "2010.09.21"]
[EventType "team"]

1. e4 c5 2. Nf3 d6 3. d4 cxd4 4. Nxd4 Nf6 5. Nc3 e6 6. g3 Be7 7. Bg2 O-O 8. O-O
a6 9. h3 Qc7 10. g4 Nc6 11. a4 Nd7 12. Nde2 Rb8 13. f4 b5 14. axb5 axb5 15. Ng3
Na5 16. g5 b4 17. Nce2 Qc5+ 18. Kh2 Bd8 19. f5 Ne5 20. f6 g6 21. Qd2 Kh8 22. Qf4
Nec4 23. Qh4 e5 24. Qh6 Rg8 25. Nf4 Rb7 26. Nd5 Be6 27. b3 Nb6 28. Be3 Qb5 29.
Bxb6 Rxb6 30. Nxb6 Bxb6 31. Rad1 Nb7 32. Rd3 Qe8 33. Rdf3 Qf8 34. Qxf8 Rxf8 35.
Ra1 Rc8 36. Ra2 h6 37. h4 Kh7 38. Bh3 Nc5 39. Rf1 Bxh3 40. Kxh3 Ne6 41. gxh6
Kxh6 42. Ra4 Nf4+ 43. Kg4 Bd8 44. Ra7 Bxf6 45. Rxf7 Bg7 46. Rf2 Kh7 47. Rb7 Kg8
48. Rxb4 Bf6 49. Rb7 Bg7 50. b4 Rc4 51. Rd2 d5 52. exd5 Nxd5+ 53. Kh3 Nf4+ 54.
Kh2 Ne6 55. h5 Bh6 56. Rb8+ Nf8 57. Rf2 gxh5 58. Nf5 Bf4+ 59. Kg2 Rc3 60. b5 Kf7
61. Rb6 Nd7 62. Rc6 Ra3 63. c4 Nb8 64. Rc8 Kf6 65. Rxb8 Kxf5 66. b6 h4 67. Rh8
Kg4 68. b7 Rb3 69. b8=Q h3+ 70. Kf1 1-0

[Event "39th Olympiad Women"]
[Site "Khanty-Mansiysk RUS"]
[Date "2010.10.03"]
[Round "11"]
[White "Machalova, Veronika"]
[Black "Ni, Viktorija"]
[Result "1-0"]
[WhiteTitle "WFM"]
[BlackTitle "WFM"]
[WhiteElo "2229"]
[BlackElo "2199"]
[Board "12.4"]
[WhiteTeam "SVK"]
[BlackTeam "LAT"]
[WhiteFideId "14904888"]
[BlackFideId "11602252"]
[EventDate "2010.09.21"]
[EventType "team"]

1. e4 c5 2. Nf3 e6 3. d3 d5 4. Nbd2 Nf6 5. g3 Nc6 6. Bg2 Be7 7. O-O O-O 8. Re1
Re8 9. c3 Qc7 10. Qe2 b5 11. Nf1 b4 12. e5 Nd7 13. Bf4 a5 14. h4 a4 15. c4 Nb6
16. Ne3 dxc4 17. dxc4 Bb7 18. Ng4 Qc8 19. Rad1 b3 20. axb3 axb3 21. Bg5 Bf8 22.
Nfh2 Nd4 23. Rxd4 cxd4 24. Nf6+ Kh8 25. Nxe8 Bxg2 26. Kxg2 Qxe8 27. Qe4 Rc8 28.
Qxd4 Nxc4 29. Rc1 Qc6+ 30. Kh3 h6 31. Bf4 Qc5 32. Nf3 Qd5 33. Qxd5 exd5 34. Nd4
Ra8 35. Nxb3 Ra2 36. Nd2 Nxd2 37. Bxd2 Rxb2 38. Rc8 Rxd2 39. Rxf8+ Kh7 40. Rxf7
Kg6 41. e6 Re2 42. h5+ Kh7 43. Rf5 d4 44. Rd5 Rxf2 45. Rxd4 Re2 46. Rd6 g6 47.
Kg4 Re4+ 48. Kf3 Re1 49. Kf4 Kg7 50. Rd7+ Kf6 51. Rh7 gxh5 52. Rxh6+ Kg7 53.
Rxh5 Rxe6 54. Rb5 Kg6 55. Rb8 Ra6 56. Rg8+ Kf6 57. Kg4 Ra5 58. Rb8 Ra6 59. Kh5
Ra5+ 60. Kh6 Ra2 61. Rf8+ Ke7 62. Rf3 Rg2 63. Kg5 Rb2 64. g4 Rb6 65. Kh5 Rc6 66.
g5 Rc2 67. Kh6 Rh2+ 68. Kg7 Rg2 69. Re3+ Kd7 70. g6 Rg1 71. Kf7 Rf1+ 72. Kg8 Rg1
73. g7 Rg2 74. Rh3 Ke7 75. Kh7 Kf7 1-0